Gaming Quiz

Random Gaming or Pokémon Quiz

Pokemon 'O' Moves Quiz Stats

 Plays Quiz not verified by Sporcle

Score 0/8 Timer 01:30
0 Plays Today
Type Move % Correct
DragonOutrage
94.4%
FireOverheat
87.5%
WaterOctazooka
84.7%
GhostOminous Wind
72.2%
WaterOrigin Pulse
63.9%
NormalOdor Sleuth
62.5%
FlyingOblivion Wing
61.1%
WaterOceanic Operetta
58.3%

You're not logged in!

Compare scores with friends on all Sporcle quizzes.
OR
Log In

Sporcle TV

Today on Sporcle TV


Watch our educational content, quiz creation guides, and fun videos on Sporcle TV.

Show Comments

Extras

Top Quizzes Today


Score Distribution

Your Account Isn't Verified!

In order to create a playlist on Sporcle, you need to verify the email address you used during registration. Go to your Sporcle Settings to finish the process.

Report this User

Report this user for behavior that violates our Community Guidelines.

Details: